How Power-Laws Re-Write The Rules Of Cyber Warfare (Record no. 17529)
[ view plain ]
| 000 -CABECERA | |
|---|---|
| campo de control de longitud fija | 01477nab a22001937a 4500 |
| 003 - IDENTIFICADOR DEL NÚMERO DE CONTROL | |
| campo de control | ES-MaBCA |
| 005 - FECHA Y HORA DE LA ÚLTIMA TRANSACCIÓN | |
| campo de control | 20160201132934.0 |
| 008 - CÓDIGOS DE INFORMACIÓN DE LONGITUD FIJA | |
| campo de control de longitud fija | 120330t xxu||||| |||| 00| 0 eng d |
| 040 ## - FUENTE DE LA CATALOGACIÓN | |
| Centro catalogador de origen | ES-MaBCA |
| Centro transcriptor | ES-MaBCA |
| 100 ## - PUNTO DE ACCESO PRINCIPAL - NOMBRE DE PERSONA | |
| 9 (RLIN) | 13935 |
| Nombre de persona | Bibighaus, David L. |
| 245 ## - MENCIÓN DE TÍTULO | |
| Título | How Power-Laws Re-Write The Rules Of Cyber Warfare |
| Medio | [Recurso electrónico] PDF |
| 520 ## - SUMARIO, ETC. | |
| Sumario etc. | All warfare contains and element of randomness. This article will argue that, the kind uncertainty encountered in cyber warfare (Power-Law randomness) is fundamentally different from the uncertainty the military has evolved to deal with in the physical world (GaussianRandomness). The article will explain the difference between these two kinds of randomness, and how cyber weapons appear to operate under Power-Law randomness. It then will show how in cyberspace, key aspects of strategic thought are based on a flaws assumption of randomness. Finally, this article shall argue that if the American military is going to be effective in cyberspace, it must re-examine the way the military assumes risk, recruits is forces, plans for war and maintains the peace. |
| 650 #0 - PUNTO DE ACCESO ADICIONAL DE MATERIA--TÉRMINO DE MATERIA | |
| 9 (RLIN) | 1136 |
| Término de materia o nombre geográfico como elemento inicial | Guerra |
| 650 #0 - PUNTO DE ACCESO ADICIONAL DE MATERIA--TÉRMINO DE MATERIA | |
| 9 (RLIN) | 12411 |
| Término de materia o nombre geográfico como elemento inicial | Estrategia militar |
| 650 #0 - PUNTO DE ACCESO ADICIONAL DE MATERIA--TÉRMINO DE MATERIA | |
| 9 (RLIN) | 1708 |
| Término de materia o nombre geográfico como elemento inicial | Delitos informáticos |
| 773 0# - ENLACE AL DOCUMENTO FUENTE | |
| Encabezamiento principal | Journal of Strategic Security |
| Parte(s) relacionada(s) | . -- Vol 8 No. 4 (Winter 2015) Art. 3 |
| Información sobre la relación | En : |
| Título | Journal of Strategic Security |
| Número de control del registro relacionado | 328 |
| Número Internacional Normalizado para Publicaciones Seriadas (ISSN) | 1944-0472 |
| 856 4# - LOCALIZACIÓN Y ACCESO ELECTRÓNICOS | |
| Identificador Uniforme del Recurso (URI) | <a href="http://scholarcommons.usf.edu/cgi/viewcontent.cgi?article=1439&context=jss">http://scholarcommons.usf.edu/cgi/viewcontent.cgi?article=1439&context=jss</a> |
| 942 ## - ELEMENTOS DE PUNTO DE ACCESO ADICIONAL (KOHA) | |
| Fuente del sistema de clasificación o colocación | Universal Decimal Classification |
| Tipo de ítem Koha | Analíticas |
| Estado de retiro | Estado de pérdida | Fuente del sistema de clasificación o colocación | Estado dañado | No para préstamo | Código de colección | Localización permanente | Ubicación/localización actual | Fecha de adquisición | Total de préstamos | Código de barras | Fecha visto por última vez | Precio válido a partir de | Tipo de ítem Koha |
|---|---|---|---|---|---|---|---|---|---|---|---|---|---|
| Universal Decimal Classification | Biblioteca Digital | Centro de Análisis y Prospectiva de la Guardia Civil | Centro de Análisis y Prospectiva de la Guardia Civil | 01/02/2016 | 2015973 | 01/02/2016 | 01/02/2016 | Analíticas |
